00397nam a2200157Ia 4500001000500000005001700005008004100022041000800063082002000071100003400091245006100125260000900186300002800195650000800223654000800231858420260306160620.0260306t2018||||xx |||||||||||||| ||spa|| aESP a371.2bA48 T. 1 aAlvarado Oyarce, OtonieleAUT 0aGestión educativa I:benfoques procesos y perspectivas c2018 a241 páginas :c23 cm. aGEN aCED